01804cam a2200289 a 4500001000800000005001700008008004100025020003900066020003900105035002100144035002400165035002300189035001700212040001700229082001800246110004200264245018300306260006300489300002900552504004100581505063900622650008801261650001701349700002701366710005601393856006501449849700020220326193302.0110129s2010 sp a b 000 0 spa d a9788492572205 (Actar) :c18.00 EUR a9788492572205 (MUSAC) :c18.00 EUR a(OCoLC)716094747 a(OCoLC)ocn716094747 a(ItFiC)it 60704450 a(NNC)8497000 aItFiCcItFiC a069.07bM986e aEducación y acción cultural MUSAC00aExperiencias de aprendizaje con el arte actual en las políticas de la diversidad :beducación y acción cultural MUSAC /c[edición y coordinación, Belén Sola Pizarro]. aBarcelona ;aNew York :bActar ;aLeón :bMUSAC,c[2010] a147 p. :bill. ;c23 cm. aIncludes bibliographical references. tExperiencias de aprendizaje con el arte actual en las políticas de la diversidadtEl DEAC, aparato digestivo del MUSACrOlaia Fontal Merillas tMediacion, inclusión y experiencias de aprendizaje en el DEAC MUSACrBelén Sola tComunidades 1rAmparo Moroño / Belén Sola tComunidades 2rNadia Texeira/ Amparo Moroño/ Mario Campelo tMUSAC Escuela: Las posibilidades del museo con las aulas rAntonio Gonzales ChamorrotProyecto pequeamigos: síntesis de experiencias rJulia Ruth Gallego y Cristina Viñuela Lopez tDesde las practicas: itinerarios de un trabajo de ida y vuelta.rBelén Sola tMemoria de actividades  0aMuseumsxEducational aspects.zMuseo de Arte Contemporáneo de Castilla y León  0aArt, Modern.1 aSola Pizarro, Belén.2 aMuseo de Arte Contemporáneo de Castilla y León.42uhttp://www.columbia.edu/cgi-bin/cul/resolve?clio84970003TOC